00545nam a2200145Ia 4500008004100000041000800041082001700049100003200066245004500098260006000143300003000203365001100233999001700244952013800261240624s9999 xx 000 0 und d aeng a658.4038 ECL aESSVALE CORPORATION LIMITED aBUSINESS KNOWLEDGE FOR IT IN PRIME BROKE c2011aMumbaibShroff Publishers & Distributors Pvt.Ltd. axi, : 193 : p. : cm. ; 23 cRSb25 c19037d19037 00104070aIMTNbIMTNcRack 29-Ad2012-05-16eAPg500.00l1o658.4038 ECLp19037r2024-10-25 00:00:00s2024-10-01t1w2024-06-24yBK